British actress by movies - Statistics

General Stats
  • This quiz has been taken 60 times
  • The average score is 10 of 30
Answer Stats
movies british actress % Correct
Nanny Mcphee, Sense and Sensibility, Saving Mr banks Emma Thompson
88%
Harry Potter, Ballet Shoes, Beauty and the beast Emma Watson
86%
Titanic, Divergent, The Holiday Kate Winslet
78%
Harry Potter, Lady in the van, Downton Abbey Maggie Smith
78%
Harry potter, The Kings Speech, Fight Club Helena Bonham Carter
75%
The Imitation Game,Pirates of the carribean , Pride and Prejudice Keira Knightley
71%
The Devil wears prada, A Quiet PLace, Mary Poppins Returns Emily blunt
61%
The queen, Red, Woman in gold Helen Mirren
59%
Tea with Mussolini, Cats, Shakespeare in love Judi Dench
59%
Gone Girl, Radioactive, A United Kingdom Rosamund Pike
31%
David Copperfield, Doctor Strange, The Lion the witch the wardrobe Tilda Swinton
31%
The Theory of Everything,the Aeronauts, Rogue one a star wars story Felicity Jones
29%
Mamma Mia, Harry Potter, Paddington Julie Walters
25%
Me Before you, LAst Christmas Emilia Clarke
20%
Paddington, Harry Potter, , Maleficent Imelda Staunton
20%
The Brothers Grimm, Game of thrones,300, The Purge Lena Headey
20%
Harry Potter, Enola Holmes, The English Teacher, Killing eve Fiona Shaw
18%
Saving Mr Banks, His Dark Materials, Luther Ruth Wilson
18%
X men apocalypse, Barely Lethal, Game of thrones Sophie Turner
18%
Ophelia, Star wars a force awakens, Murder on the Orient express Daisy Ridley
16%
christopher Robin, Captain America the first avenger, Howards end Hayley Atwell
14%
Guardians of the Galaxy, Avengers endgame, Not another happy ending Karen Gillan
12%
Paper Towns, Valerian , Suicide Squad Cara Delevingne
8%
Bridget Jones Diary, Harry potter, Trainspotting Shirley Henderson
8%
Bohemian Rhapsody, Ballet Shoes Lucy Boynton
4%
The Finest Hours, Cinderella, My Cousin Rachel, Animals, The Capture Holiday Grainger
2%
Hunger Games mockingjay part 1, the professor and the madman, picnic at hanging rock Natalie Dormer
2%
Love Rosie, The White Princess, Pride and Prejudice and Zombies Suki Waterhouse
2%
Love Rosie, Tolkien, Rules don't apply Liliy Collins
0%
Cinderella, Mama Mia here we go Again, Fast Girl Liliy James
0%
No matching quizzes found
Score Distribution
Percent of People with Each Score
Percentile by Number Answered
Your Score History
You have not taken this quiz